000 00967cam a2200301 a 4500
001 77453
003 BD-RjUL
005 20211209082955.0
008 200920s1997 nyu b 001 0 eng d
020 _a0679758909 (Vintage)
035 _a(BD-RjUL)
040 _aDLC
_cDLC
_dDLC
_beng
041 _aeng
043 _ae------
_an-us---
082 0 0 _a909.097671
_221
_bSAC 1997
100 1 _aSaid, Edward W.
_9241463
245 1 0 _aCovering Islam :
_bhow the media and the experts determine how we see the rest of the world /
_cEdward W. Said.
250 _aRev. ed., 1st Vintage Books ed.
260 _aNew York :
_bVintage Books,
_c1997.
300 _alxx, 200 p. ;
_c21 cm.
504 _aIncludes bibliographical references and index.
650 0 _aIslam
_xPublic opinion.
_9241464
650 0 _aPublic opinion
_zUnited States.
_9241465
650 0 _aPublic opinion
_zEurope.
_9241466
942 _2ddc
_cBK
999 _c77453
_d77453